000 00554nam a22001937a 4500
003 MPLRDC
005 20220104190225.0
008 210129b ||||| |||| 00| 0 eng d
020 _a978-7-5439-3885-4
082 _a859.9 PZK v.2
100 _a朴钟奎 文、金善英 图
245 _a哈里。博特的科学魔法学校. 2
_c李秀英 译
250 _a一版一刷
260 _a中国
_b上海科学技术文献出版社
_c2009
300 _b
490 _a跨越教科书系列
650 _a青少年教育
942 _cBK
_o859.9 PZK v.2
999 _c63690
_d63680